000 00516cam a2200181 4500500
005 20260405001244.0
041 _afre
042 _adc
100 1 0 _aMichaud, Yves
_eauthor
245 0 0 _aAux valeurs !
260 _c2012.
500 _a99
690 _aÉlections
690 _aNietzsche
690 _aPolitique
786 0 _nPhilosophie magazine | 58 | 4 | 2012-04-01 | p. 6-6 | 1951-1787
856 4 1 _uhttps://shs.cairn.info/magazine-philosophie-magazine-2012-4-page-6?lang=fr&redirect-ssocas=7080
999 _c2045641
_d2045641